Mathematics- Mechanics and Probability (Record no. 6468)

000 -LEADER
fixed length control field 00386nam a2200145Ia 4500
008 - FIXED-LENGTH DATA ELEMENTS--GENERAL INFORMATION
fixed length control field 200103s9999||||xx |||||||||||||| ||und||
020 ## - INTERNATIONAL STANDARD BOOK NUMBER
International Standard Book Number 0859505200,
082 ## - DEWEY DECIMAL CLASSIFICATION NUMBER
Classification number Column-20
100 ## - MAIN ENTRY--PERSONAL NAME
Personal name Bostock, L. and Chandler, S.
245 #0 - TITLE STATEMENT
Title Mathematics- Mechanics and Probability
260 ## - PUBLICATION, DISTRIBUTION, ETC. (IMPRINT)
Name of publisher, distributor, etc Educational Low-Priced Books Scheme
Date of publication, distribution, etc 1993
300 ## - PHYSICAL DESCRIPTION
Extent xi, 658
942 ## - ADDED ENTRY ELEMENTS (KOHA)
Item type Books
Holdings
Withdrawn status Lost status Damaged status Not for loan Shelving location Date acquired Barcode Date last seen Koha item type
          2020-01-08 LBS10059 2025-03-17 Books
Copyright © 2021 Indian Maritime University, Mumbai Port Campus. All Rights Reserved. Managed & Maintained by Central Library, IMU-Mumbai

webs counters

Powered by Koha